guess countries by first 2 letters - Statistics

General Stats
  • This quiz has been taken 146 times
  • The average score is 12 of 15
Answer Stats
Hint Answer % Correct
fr france
99%
uk ukraine
93%
cz czech republic
89%
rw rwanda
88%
ro romania
85%
ic iceland
83%
jo jordan
83%
ur uruguay
82%
sr sri lanka
80%
et ethiopia
75%
vi vietnam
71%
bh bhutan
70%
ha haiti
66%
eg egypt
65%
me mexico
63%
No matching quizzes found
Score Distribution
Percent of People with Each Score
Percentile by Number Answered
Your Score History
You have not taken this quiz